| 000 | 00777pam a2200217 a 4500 | ||
|---|---|---|---|
| 020 | _a0070655294 (alk. paper) | ||
| 082 | 0 | 0 |
_a515.15 _bTUM |
| 100 | 1 |
_aTuma, Jan J. _93085 |
|
| 245 | 1 | 0 |
_aEngineering mathematics handbook / _cJan J. Tuma, Ronald A. Walsh. |
| 250 | _a4th ed. | ||
| 260 |
_aNew York : _bMcGraw-Hill, _cc1998. |
||
| 300 |
_aix, 566 p. : _bill. ; _c26 cm. |
||
| 526 |
_a0 _b0 _c0 _d515_150000000000000_TUM |
||
| 650 | 0 |
_aEngineering mathematics _xHandbooks, manuals, etc. _93086 |
|
| 650 | 0 |
_aMCE _9379 |
|
| 700 | 1 |
_aWalsh, Ronald A. _947144 |
|
| 856 | 4 | 1 | _uhttp://www.loc.gov/catdir/toc/mh022/97034589.html |
| 856 | 4 | 2 | _uhttp://www.loc.gov/catdir/bios/mh041/97034589.html |
| 856 | 4 | 2 | _uhttp://www.loc.gov/catdir/description/mh023/97034589.html |
| 942 |
_2ddc _cBK |
||
| 999 |
_c550431 _d550431 |
||